000 00350nam a2200145Ia 4500
008 231217s9999 xx 000 0 und d
041 _aEnglish
082 _a001.64 SAM;1
100 _aSamanta, D
245 0 _aClassic data structures
260 _c2002
_bNew Delhi : PHI
300 _ax+470
650 _aClassic,data,structures
942 _cAA
999 _c169260
_d169260